Riconosci il Pokémon - Quiz n°210 - Statistics

Statistiche generali
  • Questo quiz è stato fatto 1 volte
  • Il punteggio medio è 9 su 10
Statistiche sulle risposte
Indizio Risposta % Corretto
Altezza 0,7 m
100%
Peso 40,4 kg
100%
Sesso 50% ♂, 50% ♀
100%
Tasso di cattura 60 (14.8%)
100%
Tasso di allevamento Medio-Veloce
100%
Stadio evoluzione Prima evoluzione
100%
Generazione Quinta
100%
Abilità Remasabbia; Silicoforza; Rompiforma
100%
Tipo Terra / Acciaio
100%
Pokémon Excadrill
0%
Nessun quiz corrispondente trovato
Distribuzione punteggi
Percentuale di utenti per punteggio
Percentile per numero di risposta
I tuoi punteggi nel tempo
Non hai fatto questo quiz